LEADER 01548nas 2200481- 450 001 9910262953503321 005 20200911055053.8 035 $a(DE-599)ZDB2681571-0 035 $a(OCoLC)858690878 035 $a(CKB)1000000000366551 035 $a(CONSER)--2013273320 035 $a(EXLCZ)991000000000366551 100 $a20130920a19989999 s-- a 101 0 $aeng 135 $aur||||||||||| 181 $ctxt$2rdacontent 182 $cc$2rdamedia 183 $acr$2rdacarrier 200 10$aAsian Englishes 210 1$a[Tokyo, Japan] :$c[ALC Press],$d1998- 210 31$a[Abingdon, Oxfordshire, United Kingdom] :$cRoutledge, Taylor & Francis 215 $a1 online resource 300 $aInternational journal of the sociolinguistics of English in Asia/Pacific. 311 $a1348-8678 531 0 $aAsian Engl. 606 $aEnglish language$zSoutheast Asia$vPeriodicals 606 $aEnglish language$xDialects$zSoutheast Asia$vPeriodicals 606 $aEnglish language$2fast$3(OCoLC)fst00910920 606 $aEnglish language$xDialects$2fast$3(OCoLC)fst00911083 607 $aSoutheast Asia$2fast 608 $aPeriodicals.$2fast 608 $aElectronic journals. 610 $aEnglish Language 615 0$aEnglish language 615 0$aEnglish language$xDialects 615 7$aEnglish language. 615 7$aEnglish language$xDialects. 676 $a428 712 02$aTaylor & Francis, 906 $aJOURNAL 912 $a9910262953503321 996 $aAsian Englishes$92091473 997 $aUNINA LEADER 01217nam0 22002891i 450 001 UON00153768 005 20231205102933.145 100 $a20020116d1964 |0itac50 ba 101 $aeng 102 $aGB 105 $a||||p ||||| 200 1 $aˆA ‰history of Chinese literature$fby Lai Ming$gwith a pref. by Lin Yutang 210 $aLondon$cCassell$d1964 215 $aXV, 439 p.$d23 cm 410 1$1001UON00133250$12001 $aShort histories of the literatures of the world$1210 $aLondon$cWilliam Heinemann$d[19..]$v10 606 $aLETTERATURA CINESE$xSTORIA$3UONC005405$2FI 620 $aGB$dLondon$3UONL003044 686 $aCIN VI$cCINA - LETTERATURA$2A 700 0$aMING Lai$3UONV091593$0673452 712 $aCassell and Company$3UONV256826$4650 801 $aIT$bSOL$c20240220$gRICA 899 $aSIBA - SISTEMA BIBLIOTECARIO DI ATENEO$2UONSI 912 $aUON00153768 950 $aSIBA - SISTEMA BIBLIOTECARIO DI ATENEO$dSI CIN VI 085 N $eSI SA 102345 7 085 N 966 $aLETTERATURA PUNJABI - POESIA E TEATRO$yLETTERATURA CINESE - STORIA$3UONC006913 996 $aHistory of Chinese literature$91273244 997 $aUNIOR